Hindī sāhitya kā prārambhika yuga. (Record no. 74542)

MARC details
000 -LEADER
fixed length control field 00724cam a22002411 4500
001 - CONTROL NUMBER
control field sa 67004509
003 - CONTROL NUMBER IDENTIFIER
control field DLC
005 - DATE AND TIME OF LATEST TRANSACTION
control field 20260227112347.0
008 - FIXED-LENGTH DATA ELEMENTS--GENERAL INFORMATION
fixed length control field 881102s1966 ii 000 0 hino
010 ## - LIBRARY OF CONGRESS CONTROL NUMBER
LC control number sa 67004509
035 ## - SYSTEM CONTROL NUMBER
System control number (OCoLC)23543302
040 ## - CATALOGING SOURCE
Original cataloging agency DLC
Transcribing agency MiU
Modifying agency NRU
-- DLC
042 ## - AUTHENTICATION CODE
Authentication code premarc
050 00 - LIBRARY OF CONGRESS CALL NUMBER
Classification number PK2036
Item number .P28
100 1# - MAIN ENTRY--PERSONAL NAME
Personal name Pandey, Rajkishor,
Dates associated with a name 1920-
245 10 - TITLE STATEMENT
Title Hindī sāhitya kā prārambhika yuga.
Statement of responsibility, etc. [Lekhaka] Rājakiśore Pāṇdeya.
250 ## - EDITION STATEMENT
Edition statement [1. saṃskaraṇa]
260 ## - PUBLICATION, DISTRIBUTION, ETC.
Place of publication, distribution, etc. Haiderābāda [Bhārata]
Name of publisher, distributor, etc. Navahinda Prakāśana
Date of publication, distribution, etc. [1966]
300 ## - PHYSICAL DESCRIPTION
Extent 212 p.
Dimensions 22 cm.
500 ## - GENERAL NOTE
General note In Hindi.
504 ## - BIBLIOGRAPHY, ETC. NOTE
Bibliography, etc. note Bibliogrpahy: p. 202-204.
650 #0 - SUBJECT ADDED ENTRY--TOPICAL TERM
Topical term or geographic name entry element Hindi literature
General subdivision History and criticism.

No items available.

Powered by Koha